Ethics in information technology 2nd ed. (Record no. 7366)

MARC details
000 -LEADER
fixed length control field 00666nam a22002057a 4500
003 - CONTROL NUMBER IDENTIFIER
control field OSt
005 - DATE AND TIME OF LATEST TRANSACTION
control field 20260114033634.0
008 - FIXED-LENGTH DATA ELEMENTS--GENERAL INFORMATION
fixed length control field 260114b |||||||| |||| 00| 0 eng d
020 ## - INTERNATIONAL STANDARD BOOK NUMBER
International Standard Book Number 978-981-4232-46-3.
040 ## - CATALOGING SOURCE
Original cataloging agency DWCL-Main lib
Transcribing agency OC
082 ## - DEWEY DECIMAL CLASSIFICATION NUMBER
Edition number 2nd edition
Classification number Circ. 174.9 R463e 2007
100 ## - MAIN ENTRY--PERSONAL NAME
Personal name Reynolds, George W.
245 ## - TITLE STATEMENT
Title Ethics in information technology 2nd ed.
Statement of responsibility, etc. Reynolds, George W.
260 ## - PUBLICATION, DISTRIBUTION, ETC.
Place of publication, distribution, etc. Singapore :
Name of publisher, distributor, etc. Thomson Learning Asia,
Date of publication, distribution, etc. c2007.
300 ## - PHYSICAL DESCRIPTION
Extent xvii, 350 pages ;
Dimensions 23 cm.
504 ## - BIBLIOGRAPHY, ETC. NOTE
Bibliography, etc. note Includes index.
650 ## - SUBJECT ADDED ENTRY--TOPICAL TERM
Source of heading or term 1. Business Ethics.
650 ## - SUBJECT ADDED ENTRY--TOPICAL TERM
Source of heading or term 2. Information technology-Moral and ethical aspects.
942 ## - ADDED ENTRY ELEMENTS (KOHA)
Source of classification or shelving scheme Dewey Decimal Classification
Koha item type Book Circulation
Call number prefix Circ.
Suppress in OPAC No
952 ## - LOCATION AND ITEM INFORMATION (KOHA)
--
Holdings
Withdrawn status Lost status Source of classification or shelving scheme Damaged status Not for loan Home library Current library Shelving location Date acquired Source of acquisition Cost, normal purchase price Total Checkouts Full call number Barcode Date last seen Copy number Price effective from Koha item type Uniform Resource Identifier
    Dewey Decimal Classification     College Library College Library Circulation 12/04/2007 School Fund 895.00   Circ. 174.9 R463e 2007 45430 01/14/2026 c1 01/14/2026 BK-CIRC